Elektrotechnika pre študijný odbor Prevádzka a ekonomika cestnej a mestskej dopravy

Bibliographic Details
Main Authors: Michalík, Ján, 1944- (Author), Pavlásek, Pavel, 1951- (Author)
Format: Book
Language:Slovak
PhysicalDescription:391 s. sch., tab. 29 cm
Published: Bratislava Alfa 1987
Edition:1. vyd.
Subjects:

MARC

LEADER 00000nam a2200000 a 4500
001 vtls001124127
003 SK-MaSNL
005 20260301001719.0
008 180814s1987 xo 0 slo
015 |a SNBA1988/03 
035 |a SNK000066970 
040 |a SNK  |b slo  |c SNK  |e AACR2 
041 0 |a slo 
044 |a xo  |c SK 
080 |a 621.3(075.8)  |2 1981 
100 1 |a Michalík, Ján,  |d 1944-  |4 aut  |9 217112 
245 1 0 |a Elektrotechnika  |b pre študijný odbor Prevádzka a ekonomika cestnej a mestskej dopravy  |c Ján Michalík, Pavel Pavlásek 
250 |a 1. vyd. 
260 |a Bratislava  |b Alfa  |c 1987  |e Nitra  |f Nitrianske tlačiarne 
300 |a 391 s.  |b sch., tab.  |c 29 cm 
366 |e 400 výtl. 
504 |a Obsahuje bibliografiu 
650 0 7 |a elektrotechnika  |2 SNKPH  |9 3619 
655 7 |a učebnice vysokých škôl  |2 SNKPH  |9 70191 
700 1 |a Pavlásek, Pavel,  |d 1951-  |4 aut  |9 215405 
954 |a odborná, vedecká literatúra pôvodná (slovenská)  |2 lita 
958 |a NB 
958 |a TL 
958 |a UV 
958 |a OND 
999 |c 535539  |d 537469 
952 |t P60, <04>, [BOOK], {604}  |a SNK  |b SNK  |y VYP  |7 0  |p 17A0018792  |o snkSB 42751 D1  |0 0  |1 0  |4 0  |d 1996-11-19  |l 0  |r 2004-12-31 00:00:00  |w 2026-02-23 
952 |a SNK  |b SNK  |y PREZ  |7 0  |p 17A0824769  |o snkSB 42751   |0 0  |1 0  |4 0  |d 2012-07-04  |f 1  |l 0  |r 2025-05-09 00:00:00  |w 2026-02-23